Normal view
MARC view
Entry Nombre personal
001 - NÚMERO DE CONTROL
- campo de control: 1105
003 - IDENTIFICADOR DE NÚMERO DE CONTROL
- campo de control: DLC
005 - FECHA Y HORA DE LA ÚLTIMA TRANSACCIÓN
- campo de control: 20260423145712.0
008 - ELEMENTOS DE DATO DE LONGITUD-FIJA
- campo de control de longitud fija: 940423n| azannaabn |n aaa
010 ## - NÚMERO DE CONTROL DE LA BIBLIOTECA DEL CONGRESO
- Número de control de LC: n 94039894
035 ## - NÚMERO DE CONTROL DEL SISTEMA
- Número de control de sistema: (OCoLC)oca03592361
040 ## - FUENTE DE CATALOGACIÓN
- Centro catalogador/agencia de origen: DLC
- Lengua de catalogación: eng
- Normas de descripción: rda
- Centro/agencia transcriptor: DLC
- Centro/agencia modificador: NcU
046 ## - FECHAS CON CODIFICACIÓN ESPECIAL
- Fecha de nacimiento: 1929
- Fecha de la muerte: 2014
- Fuente del esquema de fecha: edtf
100 1# - ENCABEZAMIENTO-NOMBRE DE PERSONA
- Nombre de persona: Venard, Marc,
- Fechas asociadas al nombre: 1929-
374 ## - OCUPACIÓN
- Ocupación: Historians
- Fuente del término: lcdgt
377 ## - IDIOMA ASOCIADO
- Código del idioma: fre
670 ## - FUENTE DE DATOS ENCONTRADOS
- Cita de la fuente: Réforme protestante, réforme catholique dans la province d'Avignon, 1993:
- Información encontrada: t.p. (Marc Venard) p. 4 of cover (b. 1929)
670 ## - FUENTE DE DATOS ENCONTRADOS
- Cita de la fuente: Marc Venard, historien, 2018:
- Información encontrada: page 4 of cover (Marc Venard, 1929-2014)